000
00321nam a2200133Ia 4500
005
20251222142021.0
008
251222s9999||||xx |||||||||||||| ||spa||
020
_a
84-7490-132-4
082
_a
249.7/C24
100
_a
Camisasca, Massimo
245
0
_a
El DesafĂo de la Paternidad:
264
_b
Encuentro
942
_c
LIB
999
_c
10654
_d
10654